Statistics for ape or monkey

Click here to take the quiz!

General Stats

  • This quiz has been taken 82 times
  • The average score is 13 of 15

Answer Stats

HintAnswer% Correct
Gorillaa
100%
Bonoboa
98%
Capuchinm
98%
Baboonm
98%
Orangutana
97%
Gibbona
83%
Howlerm
83%
Chinpanzeea
81%
Squirrelm
80%
Bluesandn
80%
Vervetm
78%
Spiderlern
78%
Mandrillm
75%
Humana
66%
Dreensn
64%

Score Distribution

Percentile by Number Answered

Percent of People with Each Score

Your Score History

You have not taken this quiz